[Event "Hastings Premier 1979/80 55th"]
[Site "Hastings"]
[Date "1979.12.28"]
[Round "1"]
[White "Makarichev, Sergey"]
[Black "Giorgadze, Tamaz"]
[Result "1/2-1/2"]
[WhiteElo "2500"]
[BlackElo "2535"]
[PlyCount "47"]
[EventDate "1979.12.28"]
[EventType "tourn"]
[EventRounds "15"]
[EventCountry "ENG"]
[EventCategory "10"]
[SourceTitle "Britbase"]
[Source "John Saunders"]
[SourceDate "2025.01.01"]
[SourceVersion "1"]
[SourceVersionDate "2025.01.01"]
[SourceQuality "1"]

1. e4 c5 2. Nf3 Nc6 3. d4 cxd4 4. Nxd4 Nf6 5. Nc3 e5 6. Ndb5 d6 7. Bg5 a6 8. Na3 b5 9. Bxf6 gxf6 10. Nd5 f5 11. Bd3 Be6 12. c4 Qa5+ 13. Kf1 fxe4 14. Bxe4 Bg7 15. Rc1 Rc8 16. cxb5 axb5 17. Nf6+ Ke7 18. Nh5 Bh6 19. Rxc6 Rxc6 20. Bxc6 Rc8 21. Qf3 Qd2 22. Qf6+ Kf8 23. Qh8+ Ke7 24. Qf6+ {n.b. game postponed because of the later arrival of the two Soviet players - the date shown is the scheduled date, not the actual date of play} 1/2-1/2

[Event "Hastings Premier 1979/80 55th"]
[Site "Hastings"]
[Date "1979.12.28"]
[Round "1"]
[White "Raicevic, Vladimir"]
[Black "Biyiasas, Peter"]
[Result "1-0"]
[WhiteElo "2440"]
[BlackElo "2485"]
[PlyCount "93"]
[EventDate "1979.12.28"]
[EventType "tourn"]
[EventRounds "15"]
[EventCountry "ENG"]
[EventCategory "10"]
[SourceTitle "Britbase"]
[Source "John Saunders"]
[SourceDate "2025.01.01"]
[SourceVersion "1"]
[SourceVersionDate "2025.01.01"]
[SourceQuality "1"]

1. d4 Nf6 2. c4 g6 3. Nc3 Bg7 4. g3 O-O 5. Bg2 d6 6. Nf3 Nbd7 7. O-O e5 8. h3 c6 9. e4 Qb6 10. Re1 Re8 11. d5 c5 12. a3 Rf8 13. Be3 a6 14. b4 Qc7 15. Qd3 Nh5 16. Na4 b6 17. Rab1 Rb8 18. Rec1 Kh8 19. Rb3 Rb7 20. Rcb1 h6 21. Nh4 Kh7 22. Qe2 Bf6 23. Nf5 cxb4 24. axb4 Nf4 25. gxf4 gxf5 26. Qh5 Bg7 27. fxe5 Nxe5 28. exf5 Rg8 29. f6 Bf8 30. Kh1 Rxg2 31. Kxg2 Qxc4 32. Nxb6 Qe4+ 33. f3 Qc2+ 34. Kg3 Rxb6 35. Bxb6 Ng6 36. Be3 Bd7 37. R1b2 Qd1 38. Ra3 Qe1+ 39. Kh2 Bb5 40. Qg4 Ne5 41. Qe4+ Ng6 42. Bd4 Qc1 43. Re3 Bd7 44. Rg2 h5 45. Rc3 Qf1 46. Rc7 Bh6 47. Rxd7 {n.b. game postponed because of the late arrival of the players - the date shown is the scheduled date, not the actual date of play} 1-0

[Event "Hastings Premier 1979/80 55th"]
[Site "Hastings"]
[Date "1979.12.28"]
[Round "1"]
[White "Speelman, Jonathan S"]
[Black "Short, Nigel D"]
[Result "1-0"]
[WhiteElo "2470"]
[BlackElo "2260"]
[PlyCount "43"]
[EventDate "1979.12.28"]
[EventType "tourn"]
[EventRounds "15"]
[EventCountry "ENG"]
[EventCategory "10"]
[SourceTitle "Britbase"]
[Source "John Saunders"]
[SourceDate "2025.01.01"]
[SourceVersion "1"]
[SourceVersionDate "2025.01.01"]
[SourceQuality "1"]

1. d4 Nf6 2. c4 e6 3. Nc3 Bb4 4. e3 Bxc3+ 5. bxc3 d6 6. Bd3 O-O 7. Ne2 c5 8. O-O e5 9. Ng3 Re8 10. Qc2 Bd7 11. Ne4 cxd4 12. exd4 exd4 13. Bg5 Nc6 14. Bxf6 gxf6 15. Nxd6 Re6 16. c5 Qa5 17. cxd4 Nxd4 18. Qc4 Qa4 19. Qd5 f5 20. Bc4 Nb5 21. Bxb5 Bxb5 22. Qxb7 {Source: BCM, March 1980, p108} 1-0

[Event "Hastings Premier 1979/80 55th"]
[Site "Hastings"]
[Date "1979.12.28"]
[Round "1"]
[White "Zilber, Israel"]
[Black "Bellin, Robert"]
[Result "1/2-1/2"]
[WhiteElo "2410"]
[BlackElo "2425"]
[PlyCount "85"]
[EventDate "1979.12.28"]
[EventType "tourn"]
[EventRounds "15"]
[EventCountry "ENG"]
[EventCategory "10"]
[SourceTitle "Britbase"]
[Source "John Saunders"]
[SourceDate "2025.01.01"]
[SourceVersion "1"]
[SourceVersionDate "2025.01.01"]
[SourceQuality "1"]

1. d4 Nf6 2. Nf3 e6 3. g3 b5 4. Bg2 Bb7 5. O-O c5 6. c3 Be7 7. Bg5 cxd4 8. cxd4 Qb6 9. Nc3 h6 10. Bxf6 Bxf6 11. Qd3 b4 12. Ne4 Bxe4 13. Qxe4 d5 14. Qd3 Nc6 15. e3 O-O 16. Rfc1 Rfc8 17. Rc2 Rc7 18. Rac1 Rac8 19. Bf1 Nb8 20. Rxc7 Rxc7 21. Rxc7 Qxc7 22. Qb5 Nc6 23. Qa4 a5 24. Qb5 g6 25. Ne1 Be7 26. Nd3 Kg7 27. b3 Na7 28. Qa6 Bd6 29. Nb2 h5 30. Na4 Be7 31. h4 Kf8 32. Bh3 Kg7 33. Bf1 Kg8 34. Kg2 Kg7 35. Bd3 Kg8 36. e4 dxe4 37. Bxe4 Nc8 38. d5 exd5 39. Bxd5 Kg7 40. Bf3 Bf6 41. Qb5 Bd4 42. Qe2 Qe5 43. Qxe5+ 1/2-1/2

[Event "Hastings Premier 1979/80 55th"]
[Site "Hastings"]
[Date "1979.12.29"]
[Round "2"]
[White "Liberzon, Vladimir"]
[Black "Christiansen, Larry Mark"]
[Result "1-0"]
[WhiteElo "2515"]
[BlackElo "2475"]
[PlyCount "58"]
[EventDate "1979.12.28"]
[EventType "tourn"]
[EventRounds "15"]
[EventCountry "ENG"]
[EventCategory "10"]
[SourceTitle "Britbase"]
[Source "John Saunders"]
[SourceDate "2025.01.01"]
[SourceVersion "1"]
[SourceVersionDate "2025.01.01"]
[SourceQuality "1"]

1. e4 c6 2. d4 d5 3. Nd2 ({BCM gives} 3. Nc3) 3... dxe4 4. Nxe4 Nf6 5. Nxf6+ gxf6 6. c3 Bf5 7. Ne2 Nd7 8. Ng3 Bg6 9. h4 h5 10. Be2 Qa5 11. b4 Qb6 12. Be3 Bh6 13. Bxh6 Rxh6 14. O-O O-O-O 15. a4 Qc7 16. b5 c5 17. a5 e5 18. Bf3 f5 19. b6 axb6 20. axb6 Nxb6 21. Qc1 f4 22. dxe5 Qxe5 23. Re1 Qf6 24. Ne4 Bxe4 25. Rxe4 Rg6 26. Rxf4 Qe6 27. Qa3 Rdg8 28. Qxc5+ Kb8 29. Qa5 Nd5 {Source: BCM, March 1980, p109} 1-0

[Event "Hastings Premier 1979/80 55th"]
[Site "Hastings"]
[Date "1979.12.30"]
[Round "3"]
[White "Lein, Anatoly"]
[Black "Bellin, Robert"]
[Result "1-0"]
[WhiteElo "2535"]
[BlackElo "2425"]
[PlyCount "111"]
[EventDate "1979.12.28"]
[EventType "tourn"]
[EventRounds "15"]
[EventCountry "ENG"]
[EventCategory "10"]
[SourceTitle "Britbase"]
[Source "John Saunders"]
[SourceDate "2025.01.01"]
[SourceVersion "1"]
[SourceVersionDate "2025.01.01"]
[SourceQuality "1"]

1. d4 Nf6 2. Nf3 e6 3. g3 c5 4. Bg2 cxd4 5. O-O d5 6. Nxd4 Be7 7. c4 O-O 8. cxd5 Nxd5 9. e4 Nb4 10. Nc3 N8c6 11. Be3 Nxd4 12. Bxd4 b6 13. a3 Nc6 14. e5 Bb7 15. Be3 Qb8 16. f4 Rd8 17. Qe2 Nd4 18. Bxd4 Bxg2 19. Kxg2 Rxd4 20. Rad1 Qb7+ 21. Qf3 Qxf3+ 22. Kxf3 Rad8 23. Rxd4 Rxd4 24. Rd1 Rxd1 25. Nxd1 g5 26. f5 exf5 27. Ne3 f4 28. gxf4 gxf4 29. Nf5 Bc5 30. Kxf4 a5 31. a4 Bb4 32. Ke4 h5 33. Ne3 Kg7 34. Kf5 Be1 35. Nd5 Bf2 36. h3 h4 37. b3 Bg1 38. Kg5 Bf2 39. Ne7 Kf8 40. Nf5 Be1 41. Nxh4 f6+ 42. exf6 Kf7 43. Ng6 Bc3 44. Kf5 Bxf6 45. h4 Kg7 46. h5 Bc3 47. Ne7 Be1 48. Nd5 Bf2 49. Ke6 Kh6 50. Kd6 Kxh5 51. Kc6 Kg5 52. Nxb6 Kf5 53. Nc4 Ke4 54. Nxa5 Kd4 55. b4 Kc3 56. Kb5 1-0

[Event "Hastings Premier 1979/80 55th"]
[Site "Hastings"]
[Date "1979.12.30"]
[Round "3"]
[White "Mestel, A Jonathan"]
[Black "Stean, Michael Frank"]
[Result "0-1"]
[WhiteElo "2475"]
[BlackElo "2540"]
[PlyCount "70"]
[EventDate "1979.12.28"]
[EventType "tourn"]
[EventRounds "15"]
[EventCountry "ENG"]
[EventCategory "10"]
[SourceTitle "Britbase"]
[Source "John Saunders"]
[SourceDate "2025.01.01"]
[SourceVersion "1"]
[SourceVersionDate "2025.01.01"]
[SourceQuality "1"]

1. e4 c5 2. Nf3 Nc6 3. d4 cxd4 4. Nxd4 Nf6 5. Nc3 d6 6. f3 e5 7. Nb3 Be7 8. Be3 O-O 9. Qd2 a5 10. Bb5 Be6 11. Nd5 Bxd5 12. exd5 Nb4 13. c4 e4 14. O-O Nd3 15. Nd4 Ne5 16. Nf5 exf3 17. gxf3 Nh5 18. Nxe7+ Qxe7 19. Rae1 Qf6 20. f4 Qg6+ 21. Kh1 Nxc4 22. Qg2 Nxe3 23. Rxe3 Qxg2+ 24. Kxg2 Rac8 25. Kf3 Rc2 26. Re7 Rxb2 27. a4 Rb3+ 28. Ke2 Rb4 29. Rxb7 Nxf4+ 30. Kd2 Nxd5 31. Ra7 Rd4+ 32. Ke1 Nc3 33. Bc6 Nxa4 34. Rxa5 Nc5 35. Ra7 g5 0-1

[Event "Hastings Premier 1979/80 55th"]
[Site "Hastings"]
[Date "1979.12.31"]
[Round "4"]
[White "Giorgadze, Tamaz"]
[Black "Liberzon, Vladimir"]
[Result "1/2-1/2"]
[WhiteElo "2535"]
[BlackElo "2515"]
[PlyCount "25"]
[EventDate "1979.12.28"]
[EventType "tourn"]
[EventRounds "15"]
[EventCountry "ENG"]
[EventCategory "10"]
[SourceTitle "Britbase"]
[Source "John Saunders"]
[SourceDate "2025.01.01"]
[SourceVersion "1"]
[SourceVersionDate "2025.01.01"]
[SourceQuality "1"]

1. d4 Nf6 2. c4 g6 3. Nc3 d5 4. Bf4 Bg7 5. e3 c5 6. dxc5 Qa5 7. Rc1 dxc4 8. Bxc4 O-O 9. Nf3 Qxc5 10. Nb5 Be6 11. Bxe6 Qxb5 12. Bc4 Qxb2 13. O-O 1/2-1/2

[Event "Hastings Premier 1979/80 55th"]
[Site "Hastings"]
[Date "1980.01.02"]
[Round "5"]
[White "Lein, Anatoly"]
[Black "Makarichev, Sergey"]
[Result "1/2-1/2"]
[WhiteElo "2535"]
[BlackElo "2500"]
[PlyCount "44"]
[EventDate "1979.12.28"]
[EventType "tourn"]
[EventRounds "15"]
[EventCountry "ENG"]
[EventCategory "10"]
[SourceTitle "Britbase"]
[Source "John Saunders"]
[SourceDate "2025.01.01"]
[SourceVersion "1"]
[SourceVersionDate "2025.01.01"]
[SourceQuality "1"]

1. c4 Nf6 2. Nc3 e6 3. Nf3 b6 4. g3 Bb7 5. Bg2 c5 6. O-O Be7 7. d4 Ne4 8. Nxe4 Bxe4 9. Be3 O-O 10. Qd2 d6 11. Rfd1 Nc6 12. Rac1 Bf6 13. b3 Bxf3 14. Bxf3 cxd4 15. Bxc6 dxe3 16. Qxe3 Rc8 17. Be4 g6 18. Qd2 Bg5 19. e3 Be7 20. Rc2 a5 21. a3 Qd7 22. Qd4 Qc7 1/2-1/2

[Event "Hastings Premier 1979/80 55th"]
[Site "Hastings"]
[Date "1980.01.02"]
[Round "5"]
[White "Mestel, A Jonathan"]
[Black "Bellin, Robert"]
[Result "1-0"]
[WhiteElo "2475"]
[BlackElo "2425"]
[PlyCount "137"]
[EventDate "1979.12.28"]
[EventType "tourn"]
[EventRounds "15"]
[EventCountry "ENG"]
[EventCategory "10"]
[SourceTitle "Britbase"]
[Source "John Saunders"]
[SourceDate "2025.01.01"]
[SourceVersion "1"]
[SourceVersionDate "2025.01.01"]
[SourceQuality "1"]

1. g3 f5 2. Bg2 Nf6 3. Nf3 e6 4. O-O Be7 5. d4 O-O 6. Nbd2 Nc6 7. Re1 d5 8. c4 Ne4 9. e3 Kh8 10. a3 a5 11. b3 Qe8 12. Bb2 Bd7 13. Qc2 Qh5 14. Nf1 Be8 15. Rec1 Rd8 16. Ne1 g5 17. f3 Nd6 18. Nd3 Bf6 19. Nc5 Qf7 20. Rd1 f4 21. Bh3 a4 22. Nxe6 axb3 23. Qxb3 Na5 24. Qc2 Naxc4 25. Bc1 Ra8 26. Nxf8 Qxf8 27. Qf2 Ba4 28. Rd3 c5 29. exf4 gxf4 30. Bxf4 Bxd4 31. Rxd4 cxd4 32. Qxd4+ Qg7 33. Qxg7+ Kxg7 34. Re1 Re8 35. Rxe8 Nxe8 36. Ne3 Nxa3 37. Nxd5 Bc6 38. Be6 Nb5 39. Kf2 Nbd6 40. Ke3 Nf7 41. Nb4 Bb5 42. g4 Ned6 43. h4 Kf6 44. Bb3 Bc4 45. Bc2 Kg7 46. h5 h6 47. Bg3 Be6 48. Bd3 Nc4+ 49. Kd4 Nd2 50. Be2 Nb3+ 51. Ke3 Nc1 52. Bd1 Bb3 53. Bxb3 Nxb3 54. Be1 Nd6 55. Kf4 Nb5 56. Nd5 Nc5 57. Ba5 Nd3+ 58. Ke3 Ne5 59. Ke4 Nd7 60. Bb4 Na7 61. Ne7 Nf6+ 62. Kd3 Kh7 63. Bc3 Ne8 64. Kc4 Nd6+ 65. Kc5 Nf7 66. Bf6 b6+ 67. Kxb6 Nb5 68. Kxb5 Ne5 69. g5 1-0

[Event "Hastings Premier 1979/80 55th"]
[Site "Hastings"]
[Date "1980.01.02"]
[Round "5"]
[White "Nunn, John DM"]
[Black "Stean, Michael Frank"]
[Result "1/2-1/2"]
[WhiteElo "2500"]
[BlackElo "2540"]
[PlyCount "47"]
[EventDate "1979.12.28"]
[EventType "tourn"]
[EventRounds "15"]
[EventCountry "ENG"]
[EventCategory "10"]
[SourceTitle "Britbase"]
[Source "John Saunders"]
[SourceDate "2025.01.01"]
[SourceVersion "1"]
[SourceVersionDate "2025.01.01"]
[SourceQuality "1"]

1. e4 c6 2. c4 d5 3. exd5 cxd5 4. cxd5 Nf6 5. Bb5+ Nbd7 6. Nc3 g6 7. d4 Bg7 8. d6 exd6 9. Qe2+ Qe7 10. Bf4 Qxe2+ 11. Ngxe2 Ke7 12. O-O Nb6 13. Rfe1 Be6 14. Rad1 a6 15. d5 Nfxd5 16. Nxd5+ Nxd5 17. Bc4 Nxf4 18. Nxf4 Be5 19. Nxe6 fxe6 20. f4 Bxf4 21. Rxe6+ Kd7 22. g3 Rac8 23. Bb3 Rc1 24. Rexd6+ {Source: Informator 29/176} 1/2-1/2

[Event "Hastings Premier 1979/80 55th"]
[Site "Hastings"]
[Date "1980.01.02"]
[Round "5"]
[White "Zilber, Israel"]
[Black "Giorgadze, Tamaz"]
[Result "1/2-1/2"]
[WhiteElo "2410"]
[BlackElo "2535"]
[PlyCount "53"]
[EventDate "1979.12.28"]
[EventType "tourn"]
[EventRounds "15"]
[EventCountry "ENG"]
[EventCategory "10"]
[SourceTitle "Britbase"]
[Source "John Saunders"]
[SourceDate "2025.01.01"]
[SourceVersion "1"]
[SourceVersionDate "2025.01.01"]
[SourceQuality "1"]

1. d4 Nf6 2. Nf3 c5 3. dxc5 e6 4. c4 Bxc5 5. e3 Bb4+ 6. Bd2 Be7 7. Nc3 b6 8. Be2 Bb7 9. O-O O-O 10. Rc1 a6 11. Nd4 Nc6 12. Bf3 Qc8 13. Nxc6 dxc6 14. Ne4 Nxe4 15. Bxe4 f5 16. Bf3 Rd8 17. Qc2 e5 18. Rfd1 e4 19. Be2 c5 20. Bc3 Qe6 21. Rxd8+ Rxd8 22. Rd1 Rf8 23. Qa4 Qc6 24. Qxc6 Bxc6 25. f4 Kf7 26. g4 g6 27. g5 1/2-1/2

[Event "Hastings Premier 1979/80 55th"]
[Site "Hastings"]
[Date "1980.01.03"]
[Round "6"]
[White "Giorgadze, Tamaz"]
[Black "Biyiasas, Peter"]
[Result "1/2-1/2"]
[WhiteElo "2535"]
[BlackElo "2485"]
[PlyCount "49"]
[EventDate "1979.12.28"]
[EventType "tourn"]
[EventRounds "15"]
[EventCountry "ENG"]
[EventCategory "10"]
[SourceTitle "Britbase"]
[Source "John Saunders"]
[SourceDate "2025.01.01"]
[SourceVersion "1"]
[SourceVersionDate "2025.01.01"]
[SourceQuality "1"]

1. g3 Nf6 2. Bg2 d5 3. Nf3 c5 4. O-O e6 5. c4 d4 6. d3 Be7 7. e3 dxe3 8. fxe3 O-O 9. d4 Nc6 10. Nc3 Na5 11. b3 b6 12. Bb2 Bb7 13. Qd3 a6 14. Rad1 cxd4 15. exd4 Qc7 16. Ng5 h6 17. Rxf6 hxg5 18. Rff1 Bxg2 19. Kxg2 Nb7 20. d5 e5 21. Ne4 Nc5 22. Nxc5 Bxc5 23. Qf5 f6 24. d6 Qc6+ 25. Rd5 1/2-1/2

[Event "Hastings Premier 1979/80 55th"]
[Site "Hastings"]
[Date "1980.01.03"]
[Round "6"]
[White "Short, Nigel D"]
[Black "Mestel, A Jonathan"]
[Result "1/2-1/2"]
[WhiteElo "2260"]
[BlackElo "2500"]
[PlyCount "57"]
[EventDate "1979.12.28"]
[EventType "tourn"]
[EventRounds "15"]
[EventCountry "ENG"]
[EventCategory "10"]
[SourceTitle "Britbase"]
[Source "John Saunders"]
[SourceDate "2025.01.01"]
[SourceVersion "1"]
[SourceVersionDate "2025.01.01"]
[SourceQuality "1"]

1. e4 c5 2. Nf3 d6 3. Bb5+ Nd7 4. O-O a6 5. Bxd7+ Bxd7 6. d4 Qc7 7. Nc3 e6 8. d5 e5 9. Ne1 Ne7 10. g3 Bh3 11. Ng2 g6 12. Qf3 h5 13. a4 Bg7 14. Re1 b6 15. Ne3 O-O 16. g4 hxg4 17. Nxg4 Bxg4 18. Qxg4 f5 19. Qh3 Qb7 20. Bg5 Bf6 21. Bxf6 Rxf6 22. f4 exf4 23. e5 dxe5 24. Rxe5 Raf8 25. Rae1 Nc8 26. Qh4 f3 27. Kf2 Qh7 28. Qxh7+ Kxh7 29. h4 1/2-1/2

[Event "Hastings Premier 1979/80 55th"]
[Site "Hastings"]
[Date "1980.01.03"]
[Round "6"]
[White "Stean, Michael Frank"]
[Black "Liberzon, Vladimir"]
[Result "1/2-1/2"]
[WhiteElo "2540"]
[BlackElo "2515"]
[PlyCount "105"]
[EventDate "1979.12.28"]
[EventType "tourn"]
[EventRounds "15"]
[EventCountry "ENG"]
[EventCategory "10"]
[SourceTitle "Britbase"]
[Source "John Saunders"]
[SourceDate "2025.01.01"]
[SourceVersion "1"]
[SourceVersionDate "2025.01.01"]
[SourceQuality "1"]

1. c4 e5 2. Nc3 Nc6 3. g3 g6 4. Bg2 Bg7 5. Rb1 d6 6. b4 f5 7. b5 Nd4 8. e3 Ne6 9. Nge2 Nh6 10. O-O O-O 11. f4 g5 12. d3 gxf4 13. exf4 Kh8 14. Kh1 a6 15. a4 axb5 16. axb5 Ng4 17. Nd5 Bd7 18. h3 Nh6 19. Be3 Qe8 20. Qd2 Qh5 21. Kg1 Ng8 22. Rf2 Rac8 23. Rbf1 Qg6 24. Kh2 Nd4 25. Bxd4 exd4 26. Ra1 Be8 27. Ra7 c6 28. Nb6 Rb8 29. bxc6 bxc6 30. Nd7 Bxd7 31. Rxd7 Nf6 32. Ra7 c5 33. Bf3 Ne4 34. dxe4 fxe4 35. Bxe4 Qxe4 36. Nc1 Qe3 37. Qxe3 dxe3 38. Rc2 Rb2 39. Rxb2 Bxb2 40. Ne2 Rb8 41. Kg2 Rb4 42. Rd7 Rxc4 43. Rxd6 Rc2 44. Kf3 Rd2 45. Rc6 Bd4 46. g4 Kg8 47. f5 Rd1 48. Rc8+ Kf7 49. Rc7+ Kg8 50. h4 Rf1+ 51. Ke4 Rf2 52. Kd3 h5 53. gxh5 1/2-1/2

[Event "Hastings Premier 1979/80 55th"]
[Site "Hastings"]
[Date "1980.01.04"]
[Round "7"]
[White "Lein, Anatoly"]
[Black "Zilber, Israel"]
[Result "1-0"]
[WhiteElo "2535"]
[BlackElo "2410"]
[PlyCount "61"]
[EventDate "1979.12.28"]
[EventType "tourn"]
[EventRounds "15"]
[EventCountry "ENG"]
[EventCategory "10"]
[SourceTitle "Britbase"]
[Source "John Saunders"]
[SourceDate "2025.01.01"]
[SourceVersion "1"]
[SourceVersionDate "2025.01.01"]
[SourceQuality "1"]

1. e4 c5 2. Nf3 e6 3. Nc3 Nc6 4. Bb5 Nge7 5. O-O a6 6. Bxc6 Nxc6 7. d4 cxd4 8. Nxd4 Qc7 9. Nxc6 Qxc6 10. Qg4 h5 11. Qh4 Be7 12. Qg3 g5 13. h4 gxh4 14. Qg7 Rf8 15. Re1 h3 16. Bh6 Qc5 17. Rad1 b5 18. Nd5 Bb7 19. b4 h2+ 20. Kh1 Qxf2 21. Nxe7 Kxe7 22. Be3 Qxe1+ 23. Rxe1 d6 24. Bg5+ Kd7 25. Rf1 Bxe4 26. Rxf7+ Rxf7 27. Qxf7+ Kc6 28. Qxe6 Bd5 29. Qe7 Rg8 30. Kxh2 Bxa2 31. Bf4 1-0

[Event "Hastings Premier 1979/80 55th"]
[Site "Hastings"]
[Date "1980.01.05"]
[Round "8"]
[White "Bellin, Robert"]
[Black "Liberzon, Vladimir"]
[Result "1/2-1/2"]
[WhiteElo "2425"]
[BlackElo "2515"]
[PlyCount "63"]
[EventDate "1979.12.28"]
[EventType "tourn"]
[EventRounds "15"]
[EventCountry "ENG"]
[EventCategory "10"]
[SourceTitle "Britbase"]
[Source "John Saunders"]
[SourceDate "2025.01.01"]
[SourceVersion "1"]
[SourceVersionDate "2025.01.01"]
[SourceQuality "1"]

1. e4 c5 2. Nf3 e6 3. b3 Nc6 4. Bb2 d6 5. d4 cxd4 6. Nxd4 e5 7. Nxc6 bxc6 8. c4 Nf6 9. Nc3 Be7 10. Bd3 O-O 11. O-O Rb8 12. Qe2 Nd7 13. Na4 Qc7 14. Rad1 Rd8 15. Bb1 Ba6 16. Rfe1 Nf8 17. Qh5 g6 18. Qe2 Ne6 19. g3 Bf6 20. f4 Qe7 21. f5 Nd4 22. Qf2 c5 23. Nc3 Bb7 24. Nd5 Bxd5 25. exd5 Qf8 26. Rf1 g5 27. g4 h5 28. h3 Kg7 29. Be4 h4 30. Bc3 Rd7 31. Ba5 Qc8 32. Bd2 1/2-1/2

[Event "Hastings Premier 1979/80 55th"]
[Site "Hastings"]
[Date "1980.01.06"]
[Round "9"]
[White "Biyiasas, Peter"]
[Black "Bellin, Robert"]
[Result "1-0"]
[WhiteElo "2485"]
[BlackElo "2425"]
[PlyCount "137"]
[EventDate "1979.12.28"]
[EventType "tourn"]
[EventRounds "15"]
[EventCountry "ENG"]
[EventCategory "10"]
[SourceTitle "Britbase"]
[Source "John Saunders"]
[SourceDate "2025.01.01"]
[SourceVersion "1"]
[SourceVersionDate "2025.01.01"]
[SourceQuality "1"]

1. e4 c5 2. Nf3 d6 3. Nc3 Nc6 4. g3 g6 5. Bg2 Bg7 6. O-O e5 7. d3 Nge7 8. Nh4 O-O 9. f4 f5 10. fxe5 dxe5 11. exf5 gxf5 12. Qh5 c4 13. Bh6 cxd3 14. Bxg7 Kxg7 15. cxd3 Qd4+ 16. Kh1 Qg4 17. Qxg4+ fxg4 18. Rxf8 Kxf8 19. Rf1+ Kg7 20. Nd5 Bd7 21. Nf6 Be6 22. Be4 Ng8 23. Nxg8 Kxg8 24. a3 Rd8 25. Nf5 Bd5 26. Nh6+ Kg7 27. Nxg4 Bxe4+ 28. dxe4 Rd4 29. Ne3 Rxe4 30. Re1 Kf6 31. Kg2 Rd4 32. Rd1 Rxd1 33. Nxd1 Kf5 34. Kf3 e4+ 35. Ke3 Ne5 36. h3 h5 37. Kd4 Nf3+ 38. Kd5 Nd2 39. Ne3+ Kg5 40. h4+ Kf6 41. a4 a5 42. Kd6 Nb3 43. g4 hxg4 44. Nxg4+ Kg6 45. h5+ Kg5 46. h6 Kg6 47. Kd5 b6 48. Kc4 Nc5 49. b3 Kh7 50. Kb5 Kg6 51. Kxb6 Nxb3 52. Kb5 Kf7 53. Kc4 Nc1 54. Kd4 Kg6 55. Kxe4 Nb3 56. Kd5 Kh7 57. Kc4 Nd2+ 58. Kb5 Nb3 59. Ne5 Kxh6 60. Nc6 Kg6 61. Nxa5 Nd4+ 62. Kb6 Kf6 63. Nb7 Nb3 64. Nc5 Nd2 65. Kb5 Nf3 66. a5 Nd4+ 67. Kb6 Nf5 68. a6 Nd6 69. Ne4+ {Source: (move 33-end) BCM, March 1980, p118} 1-0

[Event "Hastings Premier 1979/80 55th"]
[Site "Hastings"]
[Date "1980.01.06"]
[Round "9"]
[White "Christiansen, Larry Mark"]
[Black "Speelman, Jonathan S"]
[Result "1-0"]
[WhiteElo "2475"]
[BlackElo "2470"]
[Annotator "Griffiths, Peter C"]
[PlyCount "103"]
[EventDate "1979.12.28"]
[EventType "tourn"]
[EventRounds "15"]
[EventCountry "ENG"]
[EventCategory "10"]
[SourceTitle "Britbase"]
[Source "John Saunders"]
[SourceDate "2025.01.01"]
[SourceVersion "1"]
[SourceVersionDate "2025.01.01"]
[SourceQuality "1"]

1. c4 e5 2. Nc3 d6 3. g3 Be6 4. Nf3 Nd7 5. b3 c6 6. d4 Ngf6 7. Bg2 h6 8. Qc2 Bg4 9. e3 Be7 10. O-O O-O 11. Bb2 Re8 12. Nh4 exd4 13. exd4 d5 14. Rfe1 dxc4 15. bxc4 Nb6 16. Nd1 Be6 17. Ne3 Ng4 18. Nhf5 Nxe3 19. Nxe3 Bb4 20. Re2 Qg5 21. Bf3 Qa5 22. a3 Bf8 23. a4 Rac8 24. c5 Nd5 25. Rae1 Nf6 26. Nc4 Qb4 {Black begins to get into difficulties owing to to his rather restricted position and the awkward placing of his queen. In the sequel he is unable to avoid a serious weakness at e6.} 27. Ne5 Nd7 28. Nd3 Qa5 29. Nf4 Nf6 30. Nxe6 fxe6 31. Bc3 Qc7 32. Rxe6 Rxe6 33. Rxe6 Qf7 34. Qe2 Rd8 35. h4 Nd5 36. Ba5 b6 37. cxb6 axb6 38. Bxd5 cxd5 {Now occurs one of the strangest double oversights you are ever likely to see among such strong players.} ({Or} 38... bxa5 39. Rd6) 39. Bxb6 {Black now missed the attack on his rook and now played} Qf5 $4 {and Christiansen, not short of time, mystified the onlookers completely by missing it! He played} ({ChessBase Mega Database 2022 has the move order} 39... Rc8 40. a5 Qf5 {, probably because the inputter couldn't believe his eyes and decided to 'correct' the move order. That said, it is also possible that the BCM writer was working from an inaccurate source and those were the moves actually played. JS}) 40. a5 $4 {and Speelman now quietly moved the rook out of danger.} Rc8 $1 {Of course White has an easy win in any case. The remaining moves were} 41. Re8 Rc1+ 42. Kg2 Kh7 43. Re3 Ra1 44. Rb3 Qc8 45. Qd3+ Kg8 46. Qc3 Qxc3 47. Rxc3 Bb4 48. Rc8+ Kh7 49. Ra8 Be1 50. a6 Ra2 51. a7 Bxf2 52. Kf1 {Source: BCM, March 1980, p118} 1-0

[Event "Hastings Premier 1979/80 55th"]
[Site "Hastings"]
[Date "1980.01.06"]
[Round "9"]
[White "Lein, Anatoly"]
[Black "Giorgadze, Tamaz"]
[Result "1/2-1/2"]
[WhiteElo "2535"]
[BlackElo "2535"]
[PlyCount "29"]
[EventDate "1979.12.28"]
[EventType "tourn"]
[EventRounds "15"]
[EventCountry "ENG"]
[EventCategory "10"]
[SourceTitle "Britbase"]
[Source "John Saunders"]
[SourceDate "2025.01.01"]
[SourceVersion "1"]
[SourceVersionDate "2025.01.01"]
[SourceQuality "1"]

1. d4 d5 2. c4 e6 3. Nf3 Nf6 4. Nc3 Be7 5. Bg5 O-O 6. e3 h6 7. Bh4 b6 8. Rc1 Bb7 9. Be2 Nbd7 10. O-O c5 11. cxd5 Nxd5 12. Bxe7 Qxe7 13. Nxd5 Bxd5 14. Bc4 Bb7 15. Qe2 1/2-1/2